000 00490nam a2200181Ia 4500
005 20250923144515.0
008 008 250917s9999 xx 000 0 eng d
037 _aTextual
040 _aDSWL
_beng
_cDSWL
041 _aeng
_2eng
084 _qDSWL
100 _aMamoria, C.B.
_9825570
245 0 _aAgricultural problems of India
_cby C.B. Mamoria
260 _aAllahbad
_bKittali Mahal
_c1953
300 _axix,720p.
942 _cTEXL
999 _c1439778
_d1439778